| 000 | 01070nam a2200217 a 4500 | ||
|---|---|---|---|
| 001 | 44031 | ||
| 005 | 20180714022741.0 | ||
| 008 | 140415s1988 mx 000 0 spa d | ||
| 020 | _a9682606624 | ||
| 041 | _aspa | ||
| 082 |
_a658.83 _bLEV |
||
| 100 | 1 | _aLEVITT, THEODORE | |
| 245 | 1 | 0 | _aCOMERCIALIZACION CREATIVA |
| 250 | _a1a ed. | ||
| 260 |
_aMEXICO : _bCOMPAÑIA EDITORIAL CONTINENTAL, _c1988 |
||
| 300 |
_a191 _cx 16.5 x 23 |
||
| 520 | _aESTE LIBRO CONTINUA LA CORRIENTE DE TRABAJO DE MI LIBRO PREVIO MAS RECIENT, MARKETING FOR BUSINESS GROWTH. LOS CAPITULOS EN ESTE NUEVO LIBRO NO PRETENDEN DECIR A LA GENTE COMO PENSAR CORRECTA O CREATIVAMENTE. SOLO SE OCUPAN DE CIERTOS ASUNTOS IMPORTANTES MEDIANTE FORMAS QUE NO UTILIZAN LOS LIBROS DE TEXT, NI LOS LIBROS QUE DICEN COMO AHCER LAS COSAS NI LA MAYORIA DE LOS PROFESORES Y CONSULTORES. ESTAS FORMAS SE APLICAN A TODO TIPO DE NEGOCIOS Y EMPRESAS. | ||
| 650 | 1 | 4 |
_aCIENCIAS ADMINISTRATIVAS _xMERCADOTECNIA |
| 700 | 1 |
_aDR.JORGE GUTIERREZ VILLAREAL _etr. |
|
| 740 | _aTHE MARKETING IMAGINATION | ||
| 999 |
_c44031 _d44031 |
||